000 00722nam a2200277Ia 4500
005 20260324131010.0
008 008 260324s9999 xx 000 0 eng d
020 _a9781315863993
037 _aEBOOK
040 _aCRL
040 _beng
040 _cCRL
041 _2eng
041 _aeng
084 _qCRL
100 _aBeerte C. Verstraete; Vernon L. Provencal
_91183835
245 0 _aSame-Sex Desire and Love in Greco-Roman Antiquity and in the Classical Tradition of the West
260 _bTaylor and Francis
260 _c2006
365 _a
365 _b255
856 _uhttp://www.taylorfrancis.com/books/9781315863993
942 _cEBOOK
999 _c1780609
_d1780609